| 000 | 00410nam a22001337a 4500 | ||
|---|---|---|---|
| 082 |
_a624.184 _bREE _cL-20,P-65 |
||
| 100 |
_aReece, Phillip. O _943378 |
||
| 245 |
_aAn introduction to the design of timber structures _cReece, Phillip. O |
||
| 260 |
_aLondon: _bE & F.N. Spon Ltd _c1949. |
||
| 300 |
_a235p.: _bill,; _c12 cm. |
||
| 526 |
_a0 _b0 _c0 _d624_184000000000000_REE |
||
| 650 |
_aMCE _9379 |
||
| 942 |
_2ddc _cBK |
||
| 999 |
_c547200 _d547200 |
||